[Event "World Women-ch k.o."]
[Site "Khanty-Mansiysk"]
[Date "2012.11.21"]
[Round "4.2"]
[White "Stefanova, Antoaneta"]
[Black "Sebag, Marie"]
[Result "1-0"]
[WhiteElo "2491"]
[BlackElo "2521"]
[Annotator "CB"]
[PlyCount "129"]
[EventDate "2012.11.11"]
[EventType "k.o."]
[EventRounds "6"]
[EventCountry "RUS"]
[SourceTitle "CBM 152"]
[Source "ChessBase"]
[SourceDate "2013.01.15"]
[SourceVersion "1"]
[SourceVersionDate "2013.01.15"]
[SourceQuality "1"]
[WhiteClock "0:02:44"]
[BlackClock "0:01:24"]

1. d4 d5 2. c4 c6 3. Nc3 Nf6 4. e3 e6 5. Nf3 Nbd7 6. Qc2 Bd6 7. Bd3 O-O 8. O-O
dxc4 9. Bxc4 b5 10. Bd3 Bb7 11. a3 a5 12. e4 e5 13. Rd1 Rc8 14. h3 Qe7 15. Bg5
h6 16. Be3 c5 17. dxe5 Nxe5 18. Nxb5 Nxf3+ 19. gxf3 Bb8 20. Bc4 Qe5 21. Qb3 a4
22. Qxa4 Qh5 23. Kg2 Qg6+ 24. Kf1 Qh5 25. Kg2 Qg6+ 26. Kf1 Qh5 {Black wants to
force a perpetual to win the match.} 27. Be2 Qxh3+ 28. Ke1 Be5 29. Nc3 Rfd8 30.
Qb5 Bd4 31. Qxb7 Bxe3 32. Rxd8+ Rxd8 33. Qc7 Bd2+ 34. Kd1 Rc8 35. Qb7 Bf4 36.
Kc2 Qe6 37. Qa6 ({After} 37. Bc4 Qd7 (37... Qxc4 38. Qxc8+ Kh7 39. Qf5+ {
and White wins either the knight or the bishop}) 38. Qxd7 Nxd7 39. a4 {White
has a fairly decisive advantage.}) 37... Rc6 38. Qc4 Qe5 39. a4 Rd6 40. Rd1
Rxd1 41. Nxd1 Qd6 42. Ne3 Nd7 43. a5 {After a number of inaccuracies White now
has an advantage she can press to a win.} Ne5 44. Qd5 Nc6 45. Qxd6 Bxd6 46. a6
Bb8 47. Kc3 Nb4 48. Nd5 Nc6 49. Kc4 Ba7 50. Nc3 h5 51. Nb5 Bb6 52. Nd6 Na7 53.
f4 h4 54. Bg4 Kf8 55. Nc8 Nxc8 56. Bxc8 Ke7 57. Kb5 Ba7 58. Kc6 c4 59. Kb7 Bxf2
60. a7 Bxa7 61. Kxa7 Kd6 62. Kb6 g5 63. fxg5 Ke5 64. Bf5 Kd4 65. Kc6 1-0

[Event "Prague Cez Trophy m"]
[Site "Prague"]
[Date "2015.06.16"]
[Round "4"]
[White "So, Wesley"]
[Black "Navara, David"]
[Result "1-0"]
[WhiteElo "2778"]
[BlackElo "2751"]
[Annotator "CB"]
[PlyCount "93"]
[EventDate "2015.06.13"]
[EventType "match"]
[EventRounds "4"]
[EventCountry "CZE"]
[SourceTitle "CBM 167"]
[Source "ChessBase"]
[SourceDate "2015.07.13"]
[SourceVersion "1"]
[SourceVersionDate "2015.07.13"]
[SourceQuality "1"]

1. Nf3 d5 2. d4 Nf6 3. c4 c6 4. Nc3 e6 5. e3 Nbd7 6. Qc2 Bd6 7. Bd3 O-O 8. O-O
dxc4 9. Bxc4 b5 10. Bd3 Bb7 11. a3 a5 {Ein aggressives Konzept.
Zurückhaltender und solider ist 11...a6.} 12. Ng5 h6 13. Nge4 Be7 14. Rd1 Qb6
15. Nxf6+ Bxf6 16. Bd2 e5 {Mit diesem Vorstoß will Schwarz seine Stellung
befreien. Doch Weiß gelingt es, den Druck aufrecht zu erhalten.} 17. Bh7+ Kh8
18. Bf5 Rad8 ({Nach} 18... exd4 19. exd4 Rad8 20. Be3 {verhindert Weiß den
schwarzen Vorstoß ...c5 und steht besser.} c5 $2 21. dxc5 Nxc5 22. Ne4 $18)
19. Ne4 Be7 ({Nach} 19... exd4 20. Bxd7 Rxd7 21. Nxf6 gxf6 22. exd4 {hat
Schwarz eine zerrüttete Bauernstellung, aber keine Stellung, die Freude macht.
}) 20. b4 axb4 ({Nach} 20... exd4 {gewinnt der Zwischenzug} 21. bxa5 {einen
Bauern.}) 21. Bxb4 Bxb4 22. axb4 exd4 23. Rxd4 {Die Spannung im Zentrum hat
sich geklärt und Weiß steht klar besser. Das liegt vor allem am Läufer auf
b7 - wie schlecht dieser Läufer ist, zeigt die Partie.} Nf6 24. Nd6 {
Verhindert ...Lc8.} Nd5 25. Qc5 Qxc5 26. bxc5 Ra8 {Das kostet einen Bauern,
aber wie soll Schwarz seinen Läufer schützen?} ({Nach} 26... Ba8 {spielt
Weiß} 27. e4 {und wenn der schwarze Springer zieht, folgt 28.Sxf7+.}) 27. Rxa8
Bxa8 28. e4 Nc3 29. Nxf7+ Kg8 {Den Springer kann Schwarz natürlich nicht
nehmen.} 30. Rd7 Na4 31. Ra7 Nxc5 32. Nd6 Rb8 33. e5 Bb7 34. f4 Kf8 35. Kf2 {
Der weiße König marschiert zum Damenflügel und die schwarzen Freibauern
erweisen sich als ungefährlich.} Ra8 36. Rxa8+ Bxa8 37. Ke3 b4 38. Kd4 Na4 39.
Kc4 c5 {Endlich hat der Läufer Luft. Aber das kommt zu spät, denn Schwarz
kann seine Bauern am Damenflügel nicht mehr retten.} 40. g3 Bf3 41. Kb5 Bd1
42. Nc8 b3 43. Kxa4 b2+ 44. Ka3 Bg4 45. Kxb2 Bxf5 46. Nd6 Be6 47. Ne4 {Schwarz
verliert auch noch den c-Bauern. Das Endspiel mit den zwei Minusbauern wollte
sich Navara nicht mehr zeigen lassen.} 1-0

[Event "St Petersburg zt"]
[Site "St Petersburg"]
[Date "1993.??.??"]
[Round "4"]
[White "Ruban, Vadim"]
[Black "Tregubov, Pavel V"]
[Result "1-0"]
[WhiteElo "2595"]
[BlackElo "2445"]
[Annotator "Chekhov,V"]
[PlyCount "111"]
[EventDate "1993.01.??"]
[EventType "swiss"]
[EventRounds "9"]
[EventCountry "RUS"]
[SourceTitle "CBM 034"]
[Source "ChessBase"]
[SourceDate "1993.06.01"]
[SourceVersion "1"]
[SourceVersionDate "1993.06.01"]
[SourceQuality "1"]

1. d4 d5 2. c4 c6 3. e3 e6 (3... Nf6 4. Nc3 g6 (4... Bf5 5. cxd5 cxd5 6. Qb3
$14) (4... Bg4 5. f3 Bc8 6. cxd5 cxd5 7. e4 e6 8. e5 Ng8 9. f4 $14 {Chekhov,
V-Khalifman,A/SSSR/1987/}) 5. Nf3 Bg7 6. Bd3 O-O 7. O-O Bg4 8. h3 Bxf3 9. Qxf3
Nbd7 10. Qe2 {/\ b3, Bb2+/=; /Chekhov,V-Vladimirov,E/SSSR/1985/}) 4. Nf3 Nf6 (
4... f5 $5) 5. Bd3 Nbd7 6. O-O Bd6 (6... Be7 $5 7. Nc3 O-O 8. b3 b6 9. Bb2 Bb7
10. Qe2 c5 11. cxd5 exd5 12. Rfd1 Re8 13. Rac1 a6 $1 $14 {Gulko,B-Ljubojevic,L/
Reggio Emilia/1991/}) 7. Nc3 dxc4 (7... O-O 8. e4 dxe4 9. Nxe4 Nxe4 10. Bxe4 h6
11. Bc2 e5 12. Qd3 (12. b3 f5 13. dxe5 Nxe5 14. Bb2 $14) 12... f5 13. c5 Bc7
14. dxe5 Nxe5 15. Qb3+ Kh8 16. Bf4 Be6 $1 (16... Nxf3+ 17. Qxf3 Bxf4 18. Qxf4
Qf6 19. Rfe1 $16 {Sorokin-Shabanov/SSSR/1991/}) 17. Qc3 $8 Nxf3+ 18. Qxf3 Bd5
19. Bxc7 Qxc7 20. Qc3 Rae8 21. Rfe1 Qf7 $10 {Alonso-Guerra/Cuba/1991/}) 8. Bxc4
O-O 9. e4 e5 10. Bg5 $1 Qc7 (10... Qe7 $5) 11. h3 b5 12. Bd3 exd4 (12... Rd8
13. dxe5 (13. d5 $5) 13... Nxe5 14. Bxf6 gxf6 $13) 13. Nxd4 Be5 (13... Bh2+ 14.
Kh1 Be5) 14. Be3 b4 (14... Bf4 15. Qf3 Bxe3 16. Qxe3 $16) 15. Na4 c5 16. Rc1
$16 Bb7 17. Nb5 Qb8 18. f4 a6 $8 19. fxe5 Nxe5 (19... Qxe5 20. Bf4 $18) 20.
Bxc5 axb5 (20... Rd8 21. Bd6 Rxd6 22. Nxd6 Qxd6 23. Bb1 Qxd1 24. Rfxd1 Bxe4 25.
Bxe4 Nxe4 26. Rd4 $18) 21. Bxf8 bxa4 (21... Rxa4 22. Bxb5 $18) 22. Bxb4 Nxd3
23. Qxd3 Ba6 24. Qd4 Bxf1 25. Rxf1 Qe8 26. e5 Rd8 27. Bd6 $18 Qd7 28. Rf4 (28.
exf6 Qxd6 29. Qxd6 Rxd6 30. Rf4 Ra6 (30... a3 31. Ra4) 31. fxg7 $16) 28... a3
29. bxa3 Ne8 30. Bc5 Qc7 31. Qe3 Rc8 32. e6 f6 $8 33. Bb4 Qc1+ 34. Qxc1 Rxc1+
35. Kf2 Rc6 (35... Rc2+ 36. Kf3 Rxa2 37. Rc4 $18) 36. Re4 Ra6 37. Ke2 Nc7 38.
e7 Ne8 39. Kd3 Kf7 40. Kc4 f5 41. Re2 g5 42. Kb3 h5 43. a4 f4 44. a5 g4 45.
hxg4 hxg4 46. Kc4 Rf6 47. Bc5 f3 48. gxf3 gxf3 49. Rf2 Nc7 50. Kd3 Ne6 51. Bb4
Ng5 52. Rf1 f2 (52... Nh3 53. a6 $18) 53. a6 Nh3 54. a7 Ra6 55. Bc5 Rxa2 56.
Bxf2 1-0

[Event "Asia-chT fin 11th"]
[Site "Singapore"]
[Date "1995.12.21"]
[Round "8"]
[White "Graf, Alexander"]
[Black "Handoko, Edhi"]
[Result "1-0"]
[WhiteElo "2585"]
[BlackElo "2495"]
[Annotator "Chekhov,V"]
[PlyCount "50"]
[EventDate "1995.12.14"]
[EventType "team"]
[EventRounds "9"]
[EventCountry "SIN"]
[SourceTitle "CBM 050 Extra"]
[Source "ChessBase"]
[SourceDate "1996.03.01"]
[SourceVersion "1"]
[SourceVersionDate "1996.03.01"]
[SourceQuality "1"]
[WhiteTeam "Uzbekistan"]
[BlackTeam "Indonesia"]
[WhiteTeamCountry "UZB"]
[BlackTeamCountry "INA"]

1. d4 d5 2. c4 c6 3. Nf3 Nf6 4. e3 e6 5. Bd3 Nbd7 6. O-O Bd6 7. Nc3 O-O 8. e4
dxc4 9. Bxc4 e5 10. Bg5 Qe7 11. Re1 (11. d5 $5) 11... Nb6 (11... Rd8 $5 12. Qe2
h6 13. Bh4 exd4 14. Nxd4 Nb6 15. Nf3 g5 16. Bg3 Bxg3 17. hxg3 Nxc4 18. Qxc4 Be6
19. Qe2 Rd7 $10 {Illescas Cordoba,M-Akopian,V/Linares/1995/0,5/25/}) (11...
exd4 $5 12. Nxd4 (12. e5 $5 Nxe5 13. Ne4 $36) 12... Ne5 13. Bf1 $6 (13. Nf5 $5
Bxf5 14. exf5 $14) 13... Bc5 14. Na4 (14. Nf5 Bxf5 15. exf5 Bxf2+ 16. Kxf2
Nfg4+ 17. Kg1 Qxg5 18. h3 Qf4 19. hxg4 Nxg4 $19) 14... Bg4 $1 15. Qd2 Bb4 16.
Nc3 Rad8 $19 {Lautier,J-Anand,V/London/1995/0|1/19/}) 12. Be2 (12. Bd3 $5 Bg4
13. h3 Bxf3 14. Qxf3 h6 15. Bh4 Nbd7 16. d5 $16 {Dokhoian,Y-Murdzia,P/Ljublin/
1993/1|0/30/}) 12... Re8 (12... Rd8 13. dxe5 Bxe5 14. Qc2 Re8 15. Rad1 Bd7 16.
Nxe5 Qxe5 17. Bh4 Nh5 18. Qd2 $16 {Greenfeld,A-Pachman,L/ISR/1983/1|0/75/}) 13.
dxe5 $5 {N/} (13. Bh4 $5 exd4 14. Qxd4 Nbd7 15. Rad1 Bc7 16. Bg3 Bxg3 17. hxg3
Ng4 18. Nh4 $36 {Komarov,D-Slobodjan,R/Dortmund/1992/1|0/40/}) 13... Bxe5 14.
Qc1 $1 h6 15. Bh4 g5 $6 (15... Qc7 $5 16. Nxe5 Qxe5 17. Bg3 Qc5 $14) 16. Nxe5
Qxe5 (16... gxh4 17. Nf3 Kg7 18. Qf4 $18) 17. Bg3 Qe7 18. e5 Nfd5 (18... Nh7 $5
19. Ne4 Be6 20. h4 Nd5) 19. Ne4 Be6 (19... Bf5 20. Nd6 $18) 20. h4 $18 gxh4 21.
Qxh6 $1 hxg3 (21... Qf8 22. Qxh4 $18) 22. Nf6+ Nxf6 23. Qg5+ Kh8 24. exf6 Qf8
25. Qh4+ Kg8 (25... Kg8 26. Qxg3+ Kh8 (26... Kh7 27. Bd3+ $18) 27. Qh4+ Kg8 28.
Bd3 $18) 1-0

[Event "St Petersburg op"]
[Site "St Petersburg"]
[Date "1994.??.??"]
[Round "2"]
[White "Korotylev, Alexey"]
[Black "Akopian, Vladimir Eduardovic"]
[Result "1/2-1/2"]
[WhiteElo "2415"]
[BlackElo "2605"]
[Annotator "Chekhov,V"]
[PlyCount "61"]
[EventDate "1994.02.??"]
[EventType "swiss"]
[EventRounds "9"]
[EventCountry "RUS"]
[SourceTitle "CBM 041"]
[Source "ChessBase"]
[SourceDate "1994.08.01"]
[SourceVersion "1"]
[SourceVersionDate "1994.08.01"]
[SourceQuality "1"]

1. d4 Nf6 2. c4 c6 3. Nc3 d5 4. e3 e6 5. Nf3 Nbd7 6. Qc2 Bd6 7. Be2 O-O 8. O-O
dxc4 9. Bxc4 Qe7 10. a3 e5 11. h3 Bc7 (11... Bb8 $5 12. Ba2 h6 13. Nh4 Rd8 14.
Nf5 Qe8 15. Bd2 Nf8 16. Rad1 Qd7 $1 17. Ng3 exd4 18. exd4 Qc7 $1 (18... Bxg3
19. fxg3 Qxd4+ 20. Kh2 Qd3 21. Qc1 Qg6 22. Bb1 Qh5 23. Rxf6 gxf6 24. Ne4 $40)
19. Nce2 Be6 20. Bf4 Qb6 21. Bxe6 {Portish,L-Chernin,A/HUN/1993/0,5 (21) Inf
57/431/}) (11... e4 12. Ng5 Nb6 13. Ba2 Bf5 14. f3 $14 {Karpov/}) 12. Ba2 h6 (
12... exd4 13. exd4 Nb6 14. Bg5 Qd6 15. Rae1 $14) 13. Nh4 Re8 (13... exd4 $6
14. Nf5 Qe5 15. f4 Qc5 (15... Qe8 16. Nxd4 $14) 16. exd4 Qb6 17. Rf3 $40) 14.
Nf5 Qf8 15. Nb5 Bb8 16. Bd2 a5 (16... exd4 17. exd4 $1 a5 18. Nc3 Kh8 $8 (18...
Nb6 19. Nxh6+ $18) 19. Rae1 $14) 17. Nc3 $5 $146 (17. dxe5 Bxe5 (17... Rxe5 $5
18. Nc3 Nc5 $13 {Anand/}) 18. f4 $1 Bb8 19. Nc3 $16 {Karpov,A-Anand,V/
Bruxelles/1991/1:0 (32) Inf 52/428/}) 17... Nb6 (17... exd4 18. exd4 $14) (
17... e4 $6 18. f3 $1 exf3 19. Rxf3 $36) 18. dxe5 (18. Nxh6+ gxh6 19. Qg6+ Qg7
20. Bxf7+ Kf8 21. Qxg7+ Kxg7 22. Bxe8 Nxe8 23. dxe5 (23. Ne2 $5) 23... Nc4 24.
Bc1 Bxe5 25. f4 Bxc3 26. bxc3 Bf5) 18... Bxe5 (18... Rxe5 19. Nd4 $14) 19. Rad1
(19. f4 Bxc3 20. Bxc3 Bxf5 21. Qxf5 Nbd5 22. Bxf6 Nxf6 23. Rae1 Ne4) 19... Be6
20. Bxe6 Rxe6 21. Bc1 $6 (21. f4 $5 Bxc3 (21... Bc7 22. e4 $14) 22. Bxc3 Nbd5
23. Be5 $1 g6 24. e4) 21... Qc5 $10 22. Nd4 Ree8 (22... Bxd4 23. Rxd4 Nbd5 24.
Bd2) 23. Rd3 a4 24. Rfd1 Nfd5 25. e4 (25. Nxd5 Qxc2 26. Nxc2 Nxd5 27. e4 Nf4
$15) 25... Nf4 (25... Nxc3 26. Rxc3 Qe7 27. Rcd3) 26. Bxf4 Bxf4 27. g3 Bc7 28.
Kg2 Qc4 29. Nf5 $1 Be5 (29... Rxe4 $2 30. Ne3) 30. Ne3 Qe6 31. Ne2 (31. Ne2 Bc7
(31... Bf6 32. f3 $13) 32. Nc3 Be5 $10) 1/2-1/2

[Event "Bruges op"]
[Site "Bruges"]
[Date "1995.??.??"]
[Round "?"]
[White "Legky, Nikolay A"]
[Black "Gurevich, Mikhail"]
[Result "1/2-1/2"]
[WhiteElo "2440"]
[BlackElo "2585"]
[Annotator "ChessBase"]
[PlyCount "100"]
[EventDate "1995.12.??"]
[EventType "swiss"]
[EventRounds "9"]
[EventCountry "BEL"]
[SourceTitle "EXT 1998"]
[Source "ChessBase"]
[SourceDate "1997.11.17"]
[SourceVersion "1"]
[SourceVersionDate "1997.11.17"]
[SourceQuality "1"]

1. d4 d5 2. c4 c6 3. Nf3 Nf6 4. Nc3 e6 5. e3 Nbd7 6. Qc2 Bd6 7. b3 O-O 8. Bd3
a6 $5 {TN [/\9...e5<=>[+]]} (8... e5 9. cxd5 cxd5 10. Nb5 Bb4+ 11. Bd2 Bxd2+
12. Nxd2 $14) 9. O-O e5 10. c5 (10. cxd5 cxd5 11. dxe5 Nxe5 $132) 10... Bc7 11.
dxe5 Nxe5 12. Nxe5 Bxe5 13. f4 Bc7 14. Bb2 Qe7 $1 (14... Re8 15. Rae1 $14 {
(/\16.e4;/\16.Na4,17.Bd4)}) 15. Na4 $6 (15. Nd1 Ne4 16. Bd4 Bf5 17. b4 $13)
15... Qxe3+ $5 (15... Ne4 16. Bxe4 dxe4 17. Nb6 Bxb6 18. cxb6 Bf5 $11) 16. Kh1
Re8 $8 (16... Qe7 17. Rae1 $36) 17. Bxf6 (17. Rf3 Qe7 $15 {(/\18...Ne4)}) 17...
gxf6 18. Rf3 Qd4 19. Bxh7+ (19. Rd1 $5 Bg4 (19... Qb4 $5) 20. h3 (20. Bxh7+ Kh8
$15 21. Rxd4 $4 Re1+) 20... Bxf3 21. Bxh7+ Kh8 22. Rxd4 Re1+ 23. Kh2 Re2 24.
Qd3 (24. Qxe2 Bxe2 25. Bf5 Re8 $15) 24... Rxg2+ 25. Kh1 Rg3+ 26. Kh2 Rg2+ $11)
19... Kf8 20. Raf1 Bg4 $15 {[פa4]} 21. R3f2 (21. Rg3 $2 Qxf4 $17) 21... Re3 (
21... f5 22. h3 $13 (22. Bxf5 $2 Bxf5 23. Qxf5 Qxf2 $19)) (21... Bxf4 22. h3
Bg3 23. hxg4 $13) 22. Bf5 (22. h3 $6 Kg7 $5 $36 {(/\23...Rh8)}) 22... Bxf5 23.
Qxf5 Rae8 {[/\24...Re1->]} 24. Qh5 $5 f5 $6 (24... R8e6 25. Qh8+ Ke7 26. Qc8
Re1 (26... Bxf4 27. Qxb7+ $132) 27. Qxc7+ Kf8 28. Rf3 $5 Rxf1+ 29. Rxf1 Qf2 30.
Rg1 Re1 31. Qc8+ Kg7 32. Qg4+ Kf8 $11) (24... Bxf4 $5 25. Nb6 Bg5 $17) 25. Nb6
$1 (25. Qxf5 Re1 $19) 25... Bxb6 (25... Re1 $2 26. Nd7+ Kg8 27. Qg5+ $18) 26.
Qh6+ Qg7 27. Qd6+ $1 $13 (27. Qxg7+ Kxg7 28. cxb6 R8e4 $17 {(29...Rb4)}) 27...
Kg8 28. cxb6 Re1 29. Qd7 $2 (29. Qc7 $2 Qd4 30. Rf3 Rxf1+ 31. Rxf1 Qf2 32. Rg1
Re1 33. Qd8+ Kh7 $19) (29. h3 Qa1 (29... Rxf1+ 30. Rxf1 Re2 31. Qd8+ Kh7 32.
Qh4+ $13 (32. Rf2 $5 Rxf2 33. Qh4+ Qh6 34. Qxf2 Qf6 35. Kh2 $13)) 30. Kg1 Rxf1+
31. Rxf1 Qd4+ 32. Kh2 Qxb6 33. Qh6 $132) (29. Qd7 {[#]}) 29... Qf6 $1 {[/\30...
R1e7-+;ףd7]} (29... Qa1 $4 30. Qxe8+ $18) 30. g4 $8 (30. Qxb7 $2 Qa1 31. Qxa6
Rxf1+ 32. Rxf1 Re1 33. Kg1 Qd4+ 34. Kh1 Qf2 $19) 30... R1e7 $1 31. Qxf5 Qxf5
32. gxf5 Kg7 $17 33. h4 $5 Rh8 34. Rh2 Kf6 (34... Rh5 35. Rg1+ Kf6 36. Rg5 $132
) 35. h5 Kxf5 $2 (35... Rh6 $1 $17 {(/\36...Kxf5,37...f6,38...Reh7)}) 36. h6 $1
f6 37. Rg1 $1 $132 d4 $6 (37... Reh7 38. Rh5+ Kxf4 39. Rg6 f5 40. Kg2 $132) 38.
Rh5+ Kxf4 39. Rf1+ Kg4 40. Rh2 Re3 (40... Reh7 $4 41. Rg2+ Kh5 42. Rfg1 $18)
41. Rg2+ Rg3 42. Rxf6 $11 Rxg2 (42... Kg5 43. Rf7 $132) 43. Kxg2 Rh7 44. Rd6 c5
(44... Kg5 $6 45. Kf3 Rxh6 46. Rd7 $14) 45. Kf2 Kg5 46. Rd5+ Kf4 47. Rh5 Kg4
48. Rxc5 $11 Rxh6 49. Ke2 Rxb6 50. Kd3 Rd6 1/2-1/2

[Event "NED-ch54"]
[Site "Rotterdam "]
[Date "1999.06.09"]
[Round "10"]
[White "Piket, Jeroen"]
[Black "Cifuentes Parada, Roberto"]
[Result "1-0"]
[WhiteElo "2619"]
[BlackElo "2529"]
[Annotator "Cifuentes Parada,L"]
[PlyCount "81"]
[EventDate "1999.05.29"]
[EventType "tourn"]
[EventRounds "11"]
[EventCountry "NED"]
[EventCategory "12"]
[SourceTitle "CBM 072"]
[Source "ChessBase"]
[SourceDate "1999.10.01"]
[SourceVersion "1"]
[SourceVersionDate "1999.10.01"]
[SourceQuality "1"]

1. d4 d5 2. c4 c6 3. Nc3 Nf6 4. e3 e6 5. Nf3 Nbd7 6. Bd3 Bd6 7. O-O O-O 8. e4
dxe4 9. Nxe4 Nxe4 10. Bxe4 h6 11. Bc2 (11. b3 e5 12. dxe5 Nxe5 13. Bb2 Nxf3+ (
13... Qf6 $5 14. Qd4 Nxf3+ 15. Bxf3 Qxd4 16. Bxd4 Rd8 $11 {Piket,M-Delemarre,J
/KNSB 1996}) (13... Bg4 $2 14. Bxe5 $1 Bxf3 15. Qxf3 Bxe5 16. Qf5 Re8 $8 17.
Qh7+ Kf8 18. Rad1 Bxh2+ 19. Kxh2 Qh4+ 20. Kg1 Qxe4 21. Qh8+ Ke7 22. Qxg7 Rg8
23. Rfe1 $16) 14. Qxf3 Qh4 (14... Qc7 15. Rfe1 $5 f5 16. Bc2 Bxh2+ 17. Kh1 Bd6
18. Rad1 $44) 15. g3 Qg4 16. Rad1 (16. Bxc6 $5 bxc6 17. Qxc6 Qe2 18. Qxa8 Qxb2
19. Qxa7 Bh3 $13) 16... Qxf3 17. Bxf3 Bc5 18. Rfe1 Be6 19. Kg2 Rfd8 (19... a5
$5) 20. Rxd8+ Rxd8 21. Rd1 Ra8 22. Be4 a5 23. a3 Be7 24. f4 f5 25. Bf3 Kf7 26.
a4 $1 $11 {1/2-1/2 Berebora,F-Cifuentes,R /Benasque Open 1995}) 11... e5 (11...
c5 12. b3 Qc7 13. Bb2 Rd8 14. Qe2 Nf8 15. Rad1 $14 {Flear-Ballon, Guernsey 1990
}) (11... Nf6 12. b3 c5 13. Bb2 cxd4 14. Qxd4 Qe7 15. Rad1 Rd8 16. Qh4 Bc7 17.
Rxd8+ Qxd8 18. Rd1 Qe7 19. Ne5 $16 {Meszaros-Farago, Budapest 1989}) 12. h3 $5
$146 (12. Re1 $5 {[#] (3) 0.09/2}) (12. b3) (12. Qd3) 12... Re8 13. Re1 exd4
14. Rxe8+ Qxe8 15. Qxd4 Bc5 (15... Ne5 $2 16. Qxd6 Nxf3+ 17. gxf3 Qe1+ 18. Kg2
Bxh3+ 19. Kxh3 Qf1+ 20. Kg4 h5+ 21. Kf4 $18) 16. Qc3 a5 (16... Qe2 $2 17. Be3
$1 Bxe3 18. fxe3 Nb6 19. Rd1 $1 Bxh3 20. Rd2 Qxc4 21. gxh3 Qxc3 22. bxc3 Nd5
23. Bb3 $18) 17. a3 Nf8 $6 (17... Nf6 $1 18. Ne5 (18. Bxh6 $2 Qe2 19. Be3 Bxe3
20. fxe3 Bxh3 $1 21. Ne1 Ng4 $1 22. Qd3 Qf2+ 23. Kh1 Qg3 $1 24. Kg1 (24. Qh7+
Kf8 25. Qh8+ Ke7 26. Qxh3 Nf2+ $19) 24... Qh2+ 25. Kf1 Bxg2+ 26. Nxg2 Qh1+ 27.
Ke2 Qxg2+ $19) (18. Bd2 Bb4 $1 $11) 18... Be6 19. b3 (19. Nd3 Ne4) 19... Rd8
$11) 18. Bf4 Be6 19. Be5 $14 f6 20. Bd4 Bd6 (20... Qe7 $1 21. Re1 Qd6 (21...
Rd8 22. Bf5) 22. Rd1 (22. Bxc5 Qxc5 23. Nd4 Bf7 24. Nf5 Be6 $13 25. b4 axb4 26.
axb4 Qxc4 27. Qg3 g5 28. Nxh6+ Kh8 29. Bf5 Qxb4) 22... Qe7 23. Qe3 Bxd4 24.
Nxd4 Re8 25. Re1 Qd6 26. Qc3 $14) 21. Bb6 Qf7 22. Rd1 Be7 $2 (22... Bc7 $8 23.
Bxc7 Qxc7 24. Nd4 Bf7 25. Nf5 $14) 23. Re1 $1 Re8 (23... a4 24. Nd4 Bd8 25.
Bxd8 Rxd8 26. Nxe6 Nxe6 27. Bxa4 $16) 24. Nd2 Nd7 (24... Bd6 25. Bxa5 Be5 26.
Qb4 $16) 25. Bxa5 b6 26. Qg3 $1 $18 f5 27. Bc3 Bf8 28. a4 Nf6 29. b3 Bc5 30.
Qf3 Qd7 31. Rd1 Rf8 32. Nf1 Qc8 33. Ne3 Nh7 34. Qf4 Be7 35. h4 g5 36. hxg5 hxg5
37. Qh2 Rf7 38. Qh6 Bf6 39. Rd6 b5 40. Bxf5 Bxf5 41. Bxf6 1-0

[Event "Hoogovens-B"]
[Site "Wijk aan Zee"]
[Date "1997.01.21"]
[Round "1"]
[White "Cifuentes Parada, Roberto"]
[Black "Dao, Thien Hai"]
[Result "1/2-1/2"]
[WhiteElo "2515"]
[BlackElo "2555"]
[Annotator "Cifuentes Parada,L"]
[PlyCount "145"]
[EventDate "1997.01.21"]
[EventType "tourn"]
[EventRounds "11"]
[EventCountry "NED"]
[EventCategory "10"]
[SourceTitle "CBM 057"]
[Source "ChessBase"]
[SourceDate "1997.04.01"]
[SourceVersion "1"]
[SourceVersionDate "1997.04.01"]
[SourceQuality "1"]

1. d4 {Lutz} d5 2. c4 e6 3. Nf3 c6 4. Qc2 Nf6 5. e3 Nbd7 6. Nc3 Bd6 7. Bd3 O-O
8. O-O dxc4 9. Bxc4 Qe7 10. h3 e5 11. Bd2 Bc7 12. Rfe1 {Lutz: Eine neue Idee
gegenüber 12.Bb3. Weiß kann Nh4 nebst f2-f4 anstreben.} (12. Bb3 {Lutz} h6 13.
Nh4 Rd8 (13... Re8 14. Nf5 (14. Nb5 Bb8 15. Ng6 Qd8 16. dxe5 Nxe5 17. Nd4 Nxg6
18. Qxg6 Nd5 19. Qd3 Qd6 20. Nf3 Nf6 $11 {Farago,I-Chernin,A/Osterreich 1993})
14... Qd8 15. Rfe1 e4 16. f3 Nb6 17. fxe4 Bxf5 18. exf5 Qd6 19. Kf1 Rad8 20.
Qd1 Qh2 $40 {1/2-1/2 Kuzmin,A-Chernin,A/Biel op 1995 (48)}) 14. Nf5 Qf8 15. Nb5
$6 (15. Rac1 exd4 16. exd4 Nb6 $11 {Farago,I}) 15... Bb8 16. Ba5 cxb5 $1 17.
Bxd8 Qxd8 18. Qxc8 (18. Rac1 Nb6 $17) 18... Qxc8 19. Ne7+ Kf8 20. Nxc8 Bc7 $1
21. Rac1 Rxc8 22. Rc2 Ke7 23. Rfc1 Kd8 $15 {Farago,I}) 12... h6 13. Nh4 Kh8 (
13... Re8 {Lutz} 14. f4 $5 exf4 (14... e4 15. Nf5 Qf8 16. Ng3 {>< e4}) 15. exf4
$36) (13... Rd8 {Lutz} 14. f4 exf4 (14... e4 15. Nf5 Qe8 16. Ng3 {>< e4}) 15.
exf4 $36) 14. Nf5 Qd8 15. Bb3 (15. Rad1 $5 Nb6 16. Bb3 e4 $1 (16... Bxf5 17.
Qxf5 exd4 18. exd4 Qd6 19. g3 Nbd5 20. Nxd5 Nxd5 21. Bc2 g6 22. Qe5+ Qxe5 23.
dxe5 $16) 17. Ng3 Bxg3 18. fxg3 Qe7 $13) 15... exd4 16. Nxd4 (16. exd4 Nb6 17.
Rad1 Nbd5 $10) 16... Nc5 17. Bc4 Ne6 {Lutz: Schwarz nimmt eine
Verschlechterung seiner Bauernstruktur in Kauf, um seinen Bc8 zu entwickeln.}
18. Nf3 $6 (18. Nf5 $5 Ng5 19. Rad1 Qd7 20. Bd3 Rd8 21. Bc1 $14) (18. Nxe6 {
Lutz} Bxe6 19. Bxe6 fxe6 {/\ ...Qd6; >< >>}) 18... Ng5 $1 19. Nxg5 hxg5 20. e4
Qd4 21. Bf1 g4 22. Be3 $1 $8 Qd8 $2 (22... Qe5 $1 23. g3 gxh3 24. Bf4 Qe7 25.
Nd5 $1 cxd5 26. exd5 h2+ 27. Kh1 Qd7 28. Bxc7 Qxd5+ 29. Kxh2 $10) (22... Qe5
$36 {Lutz}) 23. Bc5 Re8 24. Rad1 Nd7 25. hxg4 Qh4 26. Bd6 Bxd6 27. Rxd6 Ne5 28.
Re3 Bxg4 29. f4 Ng6 30. g3 Qe7 31. Qd2 Rad8 32. Red3 $14 Rxd6 33. Rxd6 Kg8 34.
Bg2 Qc7 35. e5 Ne7 36. Ne4 Nf5 37. Rd3 Qb6+ 38. Qf2 Ne7 39. Nd6 Rb8 40. Qxb6
axb6 41. Be4 (41. Rb3 b5 42. a4 $2 Bd1 43. Rd3 Bc2 $1 $15) 41... Be6 42. a3 f5
43. exf6 $6 (43. Bf3 Rd8 44. b4 $14) 43... gxf6 44. f5 Ba2 45. g4 Kf8 46. Kf2
Nd5 47. Bf3 Ke7 48. Ne4 Bb1 49. Rd1 Bxe4 $1 50. Bxe4 Nc7 51. Rh1 Rf8 52. Ke3
Nb5 53. Kf4 $6 (53. Bb1 $1 Nd6 54. Ba2 Re8 55. Be6 $16) 53... Nd6 $1 54. Bd3
Nf7 55. Rh7 b5 56. Bb1 Kd6 (56... Rh8 $2 57. Rxh8 Nxh8 58. Ba2 $18) 57. Ba2 Ng5
$1 58. Rxb7 $4 (58. Rh2 $10) 58... Rh8 $132 59. Rg7 Rh1 $2 (59... Rh3 $2 60.
Rxg5 fxg5+ 61. Kxg5 Rh2 62. Kf6 Rxb2 63. Be6 $1 $18) (59... Rh2 $1 60. Rxg5
fxg5+ 61. Kxg5 Rxb2 62. Bg8 c5 $1 63. f6 c4 64. Kg6 Rf2 65. g5 c3 66. Bb3 c2
67. Bxc2 Rxc2 68. f7 Ke7 69. Kg7 Rc8 $1 70. g6 Ra8 $19) 60. Bg8 Rf1+ 61. Ke3
Rf3+ 62. Ke2 Rg3 63. b3 Rxg4 64. Be6 Rg2+ (64... Re4+ $1 65. Kd3 Nxe6 $1 66.
fxe6 f5 $17) 65. Ke3 Rc2 66. Bg8 Ke5 67. a4 bxa4 68. bxa4 Rc3+ 69. Ke2 Ra3 70.
Ra7 Kd4 71. a5 Kc5 72. Ra8 Ne4 73. Be6 1/2-1/2